Statistics for Nfl team guesser by player

Click here to take the quiz!

General Stats

  • This quiz has been taken 126 times
  • The average score is 13 of 14

Answer Stats

HintAnswer% Correct
Jerry rice49ers
99%
barry sanderslions
99%
randy mossvikings
99%
tom bradypatriots
98%
michael vickfalcons
97%
peyton manningcolts
96%
randall conninghameagles
96%
deion sanderscowboys
95%
jim brownbrowns
93%
lawrence taylorgiants
92%
amari cooperraiders
89%
terry bradshawsteelers
85%
reggie whitepackers
79%
matt hasslebackseahawks
79%

Score Distribution

Percentile by Number Answered

Percent of People with Each Score

Your Score History

You have not taken this quiz